header

Biology (Record no. 265956)

MARC details
000 -LEADER
fixed length control field 00475nam a22001817a 4500
003 - CONTROL NUMBER IDENTIFIER
control field OSt
005 - DATE AND TIME OF LATEST TRANSACTION
control field 20260226091616.0
008 - FIXED-LENGTH DATA ELEMENTS--GENERAL INFORMATION
fixed length control field 260226b |||||||| |||| 00| 0 eng d
020 ## - INTERNATIONAL STANDARD BOOK NUMBER
International Standard Book Number 0030740614
International Standard Book Number 9780030740619
040 ## - CATALOGING SOURCE
Original cataloging agency DLC
Language of cataloging eng
Transcribing agency DLC
Description conventions rda
050 ## - LIBRARY OF CONGRESS CALL NUMBER
Classification number QH308.2
Item number .R36 2006
100 ## - MAIN ENTRY--PERSONAL NAME
Personal name Raven Peter
245 ## - TITLE STATEMENT
Title Biology
Statement of responsibility, etc Peter Raven, George Johnson
260 ## - PUBLICATION, DISTRIBUTION, ETC. (IMPRINT)
Place of publication, distribution, etc USA
Name of publisher, distributor, etc Holt, Rinehart & Winston
Date of publication, distribution, etc 2006
300 ## - PHYSICAL DESCRIPTION
Extent xxi,1146p
Other physical details Ill; col
942 ## - ADDED ENTRY ELEMENTS (KOHA)
Source of classification or shelving scheme Library of Congress Classification
Koha item type Long Loan Books
Holdings
Withdrawn status Lost status Source of classification or shelving scheme Damaged status Not for loan Collection code Home library Current library Shelving location Date acquired Source of acquisition Total Checkouts Full call number Barcode Date last seen Price effective from Koha item type
    Library of Congress Classification     Non-fiction Rongo University Library Rongo University Library General Stacks 26/02/2026 Books for Africa, Donation   QH308.2 .R36 2006 20261526 26/02/2026 26/02/2026 Long Loan Books

© 2026 Rongo University
Contact us: librarian | system librarian | Rongo university